000 02122nam a2200409 i 4500
001 xx005113377
003 NUKAT
005 20260407112754.0
008 210416s1937 pl a |001 0 pol c
035 _a(OCoLC)835918023
035 _a(NUKAT)xx005113377
040 _aWA 392/MD
_bpol
_erda
_cWA 392/MD
_dWA 392/TB
100 1 _aPiłsudski, Józef
_d(1867-1935).
_eAutor
_913197
245 1 0 _aPisma zbiorowe :
_bwydanie prac dotychczas drukiem ogłoszonych.
_nT. 4 /
_cJózef Piłsudski ; tom niniejszy zredagował, wstępem i przypisami zaopatrzył Wacław Lipiński ; okładkę projektował Tadeusz Gronowski.
246 1 8 _aPisma zbiorowe Józefa Piłsudskiego
260 _aWarszawa :
_bInstytut Józefa Piłsudskiego Poświęcony Badaniu Najnowszej Historii Polski,
_c1937
_e(Kraków :
_fdruk W. L. Anczyca i Spółki).
300 _a[4], 402, X stron, [2] karty tablic, [7] kart tablic złożonych :
_bilustracje (w tym kolorowe) ;
_c23 cm.
336 _aTekst
_btxt
_2rdacontent
337 _aBez urządzenia pośredniczącego
_bn
_2rdamedia
338 _aWolumin
_bnc
_2rdacarrier
500 _aWiele liczbowań.
504 _aIndeksy.
600 1 7 _aPiłsudski, Józef
_d(1867-1935)
_xmyśl polityczna i społeczna.
_2kaba
_939494
600 1 7 _aPiłsudski, Józef
_d(1867-1935)
_vkorespondencja.
_2kaba
_939499
600 1 7 _aPiłsudski, Józef
_d(1867-1935)
_xwkład do historii wojskowej.
_2kaba
_939500
610 2 4 _aLegiony Polskie
_xhistoria.
_2kaba
_915539
650 7 _aIdee polityczne
_zPolska
_y1870-1914.
_2kaba
_933150
650 7 _aIdee polityczne
_zPolska
_y1900-1945.
_2kaba
_933151
651 7 _aPolska
_y1864-1918 (Okres popowstaniowy).
_2kaba
_935518
651 7 _aPolska
_y1914-1918.
_2kaba
_91393
651 7 _aPolska
_y1918-1939 (II Rzeczpospolita).
_2kaba
_91394
700 1 _aLipiński, Wacław
_d(1896-1949).
_eRedakcja
_938286
700 1 _aGronowski, Tadeusz
_d(1894-1990).
_eProjekt graficzny
_939496
710 2 _aInstytut Józefa Piłsudskiego Poświęcony Badaniu Najnowszej Historii Polski (1936-1939).
_eWydawca
_4pbl
_97498
710 2 _aW. L. Anczyc i Spółka.
_eDruk
_4prt
_94292
942 _2ddc
_cBK_NM
999 _c27436
_d27436